000 00703nam a2200229 a 4500
005 20140310183623.0
008 120907s19uu xx 00 eng d
020 _a9780462099576
050 _aHF 5415
_b.M478 2009
100 _aMcCreadie, Karen
245 _aLow-budget marketing for rookies /
_cKaren McCreadie
260 _aLondon, UK :
_bMarshall Cavendish Business,
_c2009.
300 _a176 p. :
_bill. ;
_c24 cm.
440 _aFor rookies
500 _a"From rookie to expert in a week"--Cover. Includes index.
521 _aBSBA
650 _aMarketing
650 _aMarketing
_xManagement
_xCost effectiveness
650 _aMarketing
_xCosts
942 _cBK
_2lcc
_kFOR
999 _c25454
_d25454